| 000 | 01471nam a2200385 i 4500 | ||
|---|---|---|---|
| 001 | 000045238 | ||
| 003 | DO-SdBNP | ||
| 005 | 20250905112223.0 | ||
| 007 | ta | ||
| 008 | 150212s1980 dr a 000 0 spa d | ||
| 020 | _a8484010333 | ||
| 040 |
_aDO-SdBNP _bspa _cBNPHU _erda |
||
| 041 | _aspa | ||
| 082 | 4 |
_a398.097293 _bG241f _222 |
|
| 245 | 0 | 0 |
_aFolklore infantil de Santo Domingo / _crecogido y anotado por Edna Garrido de Boggs ; transcripciones musicales de Ruth Crawford Seeger ; ilustrado por Gloria Gastón. |
| 264 | 1 |
_aSanto Domingo : _bEditora Santo Domingo, _c1980. |
|
| 300 |
_a664 páginas : _bilustraciones ; _c21 cm. |
||
| 336 |
_ardacontent _btexto _2txt |
||
| 337 |
_ardamedia _bsin mediación _2n |
||
| 338 |
_avolumen _bnc _2rdacarrier |
||
| 490 | 0 |
_aCultura dominicana _v35 |
|
| 500 | _aIncluye letras y partituras musicales. | ||
| 500 | _aPerteneció a la biblioteca personal del Dr. Guaroa Ginebra H. | ||
| 500 | _aIncluye referencias bibliográficas y notas al pie de las páginas. | ||
| 504 | _aBibliografía : páginas 637-645. | ||
| 590 | _aInventariado, 2022/MFF | ||
| 650 | 4 |
_aFolclore _zRepública Dominicana _933448 |
|
| 650 | 4 | _aLiteratura infantil dominicana | |
| 650 | 4 |
_aCuentos infantiles dominicanos _9505 |
|
| 700 | 1 |
_aGarrido de Boggs, Edna, _922614 |
|
| 700 | 1 |
_aCrawford Seeger, Ruth _926927 |
|
| 700 | 1 | 2 |
_aGaston, Gloria. _eilustrador _4il. _926926 |
| 910 | _aValidado. Control de calidad MFF | ||
| 942 |
_2ddc _cLBS1 |
||
| 999 |
_c44727 _d44727 |
||